| 000 | 00668nam a2200241Ia 4500 | ||
|---|---|---|---|
| 003 | OSt | ||
| 005 | 20220925203620.0 | ||
| 006 | a|||||r|||| 00| 0 | ||
| 007 | ta | ||
| 008 | 220923b |||||||| |||| 00| 0 eng d | ||
| 020 | _a014 08 0159 6 | ||
| 037 | _cGeneral Book | ||
| 040 |
_aRTL _cRTL _beng |
||
| 041 |
_2eng _aeng |
||
| 082 | _aXoaT, L0/SC | ||
| 100 |
_aBLAUG Mark _9127325 |
||
| 245 | 0 | _aIntroduction to the economics of education. | |
| 260 |
_aEngland _bPenguin books _c1970 |
||
| 300 |
_axx,363p. _ccm. |
||
| 490 | _aPenguin modern economics texts | ||
| 942 |
_hXoaT, L0/SC _cGB _2CC |
||
| 999 |
_c547186 _d547186 |
||